[Event "Choose your opening weapons III"]
[Site "SchemingMind.com"]
[Date "2014.02.14"]
[Round "-"]
[White "elmar"]
[Black "Simon Green"]
[Result "1-0"]
[WhiteCountry "AZE"]
[BlackCountry "ENG"]
[WhiteElo "2043"]
[WhiteRD "70"]
[BlackElo "1602"]
[BlackRD "54"]
[GameID "347942"]

1. d4 e6 2. c4 d5 3. Nc3 Nf6 4. Bg5 Be7 5. e3 O-O 6. Nf3 c6 7. Rc1 Nbd7 8. c5 b5 9. Bd3 a5 10. O-O Qc7
11. Re1 h6 12. Bf4 Qb7 13. Nxb5 cxb5 14. c6 Qb6 15. cxd7 Bxd7 16. Ne5 Ra7 17. Nxd7 Nxd7 18. Re2 b4 19. b3 Bd6 20. Bxd6 Qxd6
21. Rec2 Nb6 22. Rc6 Qd8 23. Bb1 Qd7 24. Qc2 f5 25. Qc5 Na8 26. g3 Rb8 27. Rd6 Qe7 28. Rxe6 Qxe6 29. Qxa7 Qb6 30. Qd7 Rd8
31. Qxf5 Qf6 32. Qh7+ Kf8 33. Rc5 Qb6 34. Bg6 Nc7 35. Qh8+ Ke7 36. Qxg7+ Kd6 37. Qe5+ Kd7 38. Bf5+ Ne6 39. Rc7+ Qxc7 40. Qxe6#
1-0